Understanding and using English grammar / (Record no. 816)

MARC details
000 -LEADER
fixed length control field 00992cam a22002895i 4500
001 - CONTROL NUMBER
control field 22139030
003 - CONTROL NUMBER IDENTIFIER
control field OSt
005 - DATE AND TIME OF LATEST TRANSACTION
control field 20250420134825.0
008 - FIXED-LENGTH DATA ELEMENTS--GENERAL INFORMATION
fixed length control field 210716t20172017nyua 001 0 eng
010 ## - LIBRARY OF CONGRESS CONTROL NUMBER
LC control number 2020519329
020 ## - INTERNATIONAL STANDARD BOOK NUMBER
International Standard Book Number 9780134275253 (International Efdition)
040 ## - CATALOGING SOURCE
Original cataloging agency DLC
Language of cataloging eng
Description conventions rda
Transcribing agency KCST
042 ## - AUTHENTICATION CODE
Authentication code pcc
082 ## - DEWEY DECIMAL CLASSIFICATION NUMBER
Classification number 428.24
Item number Az Un
100 1# - MAIN ENTRY--PERSONAL NAME
Personal name Azar, Betty Schrampfer,
Dates associated with a name 1941-
Relator term author.
9 (RLIN) 5540
245 10 - TITLE STATEMENT
Title Understanding and using English grammar /
Statement of responsibility, etc. Betty S. Azar, Stacy A. Hagen.
250 ## - EDITION STATEMENT
Edition statement 5th
260 ## - PUBLICATION, DISTRIBUTION, ETC.
Place of publication, distribution, etc. Hoboken, NJ :
Name of publisher, distributor, etc. Pearson Education,
Date of publication, distribution, etc. [2017]
300 ## - PHYSICAL DESCRIPTION
Extent xiii, 492 pages :
Other physical details color illustrations ;
Dimensions 26 cm
500 ## - GENERAL NOTE
General note Includes index.
500 ## - GENERAL NOTE
General note "With Essential online Resources access code inside" -- Cover page.
650 ## - SUBJECT ADDED ENTRY--TOPICAL TERM
Topical term or geographic name entry element English language
Form subdivision Textbooks for foreign speakers.
9 (RLIN) 4734
650 ## - SUBJECT ADDED ENTRY--TOPICAL TERM
Topical term or geographic name entry element English language
Form subdivision Grammar
General subdivision Problems, exercises, etc.
9 (RLIN) 5541
700 1# - ADDED ENTRY--PERSONAL NAME
Personal name Hagen, Stacy A.,
Dates associated with a name 1956-
Relator term author.
9 (RLIN) 5700
942 ## - ADDED ENTRY ELEMENTS (KOHA)
Koha item type Book
942 ## - ADDED ENTRY ELEMENTS (KOHA)
Source of classification or shelving scheme Dewey Decimal Classification
Holdings
Withdrawn status Lost status Source of classification or shelving scheme Damaged status Not for loan Home library Current library Date acquired Cost, normal purchase price Total checkouts Full call number Barcode Date last seen Cost, replacement price Price effective from Koha item type
    Dewey Decimal Classification     KCST Library KCST Library 07/04/2022 15.90   428.24 Az Un 1000001067 07/04/2022 15.90 07/04/2022 Book
    Dewey Decimal Classification     KCST Library KCST Library 07/04/2022 15.90   428.24 Az Un 1000001068 07/04/2022 15.90 07/04/2022 Book
© 2025 KCST. All rights reserved